Catalog

Record Details

Catalog Search



The inn at Rose Harbor #1 : [Large Print] / Debbie ... Read More

Series: Rose Harbor; 1

Available copies

  • 2 of 2 copies available at LARL/NWRL Consortium. (Show)
  • 2 of 2 copies available at Northwest Regional Library.

Current holds

0 current holds with 2 total copies.

Show All Copies
Location Call Number / Copy Notes Barcode Shelving Location Status Due Date
Karlstad LINK Site lp MAC (Text) 35500005119845 Main Available -
Red Lake Falls Public Library lp MAC (Text) 35500005107063 Main Available -

Record details

  • ISBN: 9780739378281 (lg. print : pbk.) :
  • ISBN: 0739378287 (lg. print : pbk.) :
  • Physical Description: 447 p. (large print) ; 24 cm.
  • Edition: 1st large print ed.
  • Publisher: New York : Random House Large Print, c2012.

Content descriptions

Summary, etc.:
Jo Marie Rose first arrives in Cedar Cove seeking ... Read More
Subject: Cedar Cove (Wash. : Imaginary place) > Fiction.
Bed and breakfast accommodations > Fiction.
Man-woman relationships > Fiction.
Small cities > Fiction.
Genre: Large type books.
Christian fiction.
Love stories.
LDR 02983cam a2200445Ia 4500
001144354
003LARL_NWRL_CONSORTIUM
00520120924151559.0
008120111s2012 nyu d 000 1 eng d
019 . ‡a805593974
020 . ‡a9780739378281 (lg. print : pbk.) : ‡c$26.00
020 . ‡a0739378287 (lg. print : pbk.) : ‡c$26.00
035 . ‡a(OCoLC)773021821 ‡z(OCoLC)805593974
043 . ‡an-us-wa
08204. ‡a813/.54 ‡223
1001 . ‡aMacomber, Debbie. ‡0(LARL_NWRL_CONSORTIUM)153727
24514. ‡aThe inn at Rose Harbor ‡n#1 : ‡h[Large Print] / ‡cDebbie Macomber.
250 . ‡a1st large print ed.
260 . ‡aNew York : ‡bRandom House Large Print, ‡cc2012.
300 . ‡a447 p. (large print) ; ‡c24 cm.
4900 . ‡aRose Harbor; ‡v1
520 . ‡aJo Marie Rose first arrives in Cedar Cove seeking a sense of peace and a fresh start. Coping with the death of her husband, she purchases a local bed-and-breakfast--the newly christened Rose Harbor Inn--ready to begin her life anew. Yet the inn holds more surprises than Jo Marie can imagine. Her first guest is Joshua Weaver, who has come home to care for his ailing stepfather. The two have never seen eye to eye, and Joshua has little hope that they can reconcile their differences. But a long-lost acquaintance from Joshua's high school days proves to him that forgiveness is never out of reach and love can bloom even where it's least expected. The other guest is Abby Kincaid, who has returned to Cedar Cove to attend her brother's wedding. Back for the first time in twenty years, she almost wishes she hadn't come, the picturesque town harboring painful memories from her past. And while Abby reconnects with family and old friends, she realizes she can only move on if she truly allows herself to let go.
650 0. ‡aCedar Cove (Wash. : Imaginary place) ‡vFiction.
650 0. ‡aBed and breakfast accommodations ‡vFiction. ‡0(LARL_NWRL_CONSORTIUM)163677
650 0. ‡aMan-woman relationships ‡vFiction. ‡0(LARL_NWRL_CONSORTIUM)165985
650 0. ‡aSmall cities ‡vFiction.
655 0. ‡aLarge type books.
655 7. ‡aChristian fiction. ‡2gsafd
655 7. ‡aLove stories. ‡2gsafd
901 . ‡a144354 ‡bOCLC ‡c144354 ‡tbiblio

Additional Resources